Statystyki dla Ranking ZŁotych medali olimpijskich Tokio 2020.

Kliknij tutaj aby rozwiązać quiz!

Ogólne statystyki

  • Ten quiz został rozwiązany 72 razy
  • Średni wynik to 26 z 32

Statystyki odpowiedzi

miejsceZłote medaleKraj% Poprawnych
139Stany Zjednoczone
100%
337Stany Zjednoczone
100%
238Chiny
98%
196Chiny
98%
810Francja
97%
1411Francja
97%
520Rosyjski Komitet Olimpijski (Rosja)
97%
436Rosyjski Komitet Olimpijski (Rosja)
97%
159Hiszpania
95%
1113Japonia
95%
327Japonia
95%
1213Niemcy
95%
910Niemcy
95%
422Wielka Brytania
95%
241Wielka Brytania
95%
1010Włochy
92%
914Włochy
92%
117Kanada
90%
617Australia
86%
821Australia
86%
127Brazylia
86%
722Brazylia
86%
166Korea Południowa
76%
710Holandia
75%
525Holandia
75%
624Ukraina
75%
156Węgry
56%
137Nowa Zelandia
52%
1312Iran
44%
147Kuba
35%
1014Azerbejdżan
19%
168Uzbekistan
8%

Rozkład punktacji

Percentyl według liczby udzielonych odpowiedzi

Procent ludzi z każdym wynikiem

Twoja historia wyników

Nie rozwiązałeś tego quizu